| 000 | 00641nam a2200229 i 4500 | ||
|---|---|---|---|
| 001 | bg | ||
| 100 | 1 | _aZABIEROWSKI, Mirosław | |
| 245 | 1 | 0 |
_aWszechświat i kopernikanizm / _cMirosław Zabierowski. |
| 260 |
_aWrocław : _bOficyna Wydawnicza Politechniki Wrocławskiej, _c1997. |
||
| 300 |
_a130 s. ; _c24 cm. |
||
| 504 | _aBibliogr. s. 122-127. | ||
| 650 | 9 |
_aAstronomia _xteoria |
|
| 650 | 9 |
_aFizyka _xfilozofia |
|
| 650 | 9 |
_aKosmologia _xzagadnienia |
|
| 020 | _a8370852556 | ||
| 040 | _cBPK | ||
| 041 | 0 | _apl | |
| 080 | _a521:524.8:53:1 | ||
| 920 | _a83-7085-255-6 | ||
| 942 | _cKS | ||
| 008 | s pl f |000 0 pol | ||
| 999 |
_c31869 _d31869 |
||
| 856 |
_uhttp://koha.tu.koszalin.pl/cgi-bin/koha/opac-detail.pl?biblionumber=31869 _yKatalog online BPK |
||